| 000 | 01858nam0a2200361 4500 | ||
|---|---|---|---|
| 001 | RU\NLR\bibl\902635 | ||
| 005 | 20260407073832.0 | ||
| 010 |
_a5-466-00135-X _92000 |
||
| 021 |
_aRU _b2005-86192 _94270 |
||
| 035 | _a(NLR Aleph) 000891064 | ||
| 090 |
_a1718699 _c1718699 |
||
| 100 | _a20060202d2006 |||y0rusy50 ca | ||
| 101 | 0 | _arus | |
| 102 | _aRU | ||
| 105 | _ay ||||||||| | ||
| 200 | 1 |
_aКомментарий к Федеральному закону "О кредитных историях" (постатейный) _fД.Г. Алексеева, С.В. Пыхтин, Я.М. Фальковская |
|
| 210 |
_aМосква _cВолтерс Клувер _d2006 |
||
| 215 |
_a318, [1] c. _cил. _d22 |
||
| 300 | _aНа обл. авт. не указаны | ||
| 300 | _aНа обороте тит. л. авт.: Алексеева Д.Г., к.ю.н., доц., Пыхтин С.В., к.ю.н., Фальковская Я.М., к.ю.н. | ||
| 320 | _aБиблиогр. в подстроч. примеч. | ||
| 606 | 1 |
_aКредитные истории _jЗаконодательные материалы _jКомментарии _yРоссийская Федерация _92393592 _3RU\NLR\auth\661427233 |
|
| 686 | _aХ623.212.2-39(2Р) | ||
| 700 | 1 |
_4070 _8rus _7ca _aАлексеева _bД. Г. _cд-р юрид. наук _gДиана Геннадьевна _3RU\NLR\AUTH\7735477 _918474 |
|
| 701 | 1 |
_4070 _aПыхтин _bС. В. _cканд. юрид. наук _gСергей Валентинович _9209153 _3RU\NLR\AUTH\770209207 |
|
| 701 | 1 |
_aФальковская _bЯ. М. _gЯнина Михайловна _4070 |
|
| 742 | 1 |
_aРоссийская Федерация _tЗаконы _3RU\NLR\AUTH\883331 _9277893 |
|
| 801 | 0 |
_aRU _bNLR _c20060202 _grcr |
|
| 801 | 1 |
_aRU _bNLR _c20060202 |
|
| 942 | _cBOOK | ||
| 980 | _aNB | ||